|
|
|
|
| LEADER |
01688nam a2200385 i 4500 |
| 001 |
EBC6037090 |
| 003 |
MiAaPQ |
| 005 |
20200607193101.0 |
| 006 |
m o d | |
| 007 |
cr cnu|||||||| |
| 008 |
200607s2019 xx o 000 0 fre d |
| 020 |
|
|
|z 9782763746203
|
| 020 |
|
|
|a 9782763746210 (e-book)
|
| 035 |
|
|
|a (MiAaPQ)EBC6037090
|
| 035 |
|
|
|a (Au-PeEL)EBL6037090
|
| 035 |
|
|
|a (OCoLC)1139838080
|
| 040 |
|
|
|a MiAaPQ
|b eng
|e rda
|e pn
|c MiAaPQ
|d MiAaPQ
|
| 050 |
|
4 |
|a HD30.4
|b .T467 2019
|
| 082 |
0 |
|
|a 658
|2 23
|
| 245 |
0 |
4 |
|a Les temporalites de la recherche critique en management :
|b enjeux et alternatives /
|c sous la direction de Veronique Perret et Laurent Taskin.
|
| 264 |
|
1 |
|a [Place of publication not identified] :
|b PUL, Presses de l'Universite Laval,
|c [2019]
|
| 264 |
|
4 |
|c 2019
|
| 300 |
|
|
|a 1 online resource (xi, 216 pages)
|
| 336 |
|
|
|a text
|b txt
|2 rdacontent
|
| 337 |
|
|
|a computer
|b c
|2 rdamedia
|
| 338 |
|
|
|a online resource
|b cr
|2 rdacarrier
|
| 588 |
|
|
|a Description based on print version record.
|
| 590 |
|
|
|a Electronic reproduction. Ann Arbor, MI : ProQuest, 2018. Available via World Wide Web. Access may be limited to ProQuest affiliated libraries.
|
| 650 |
|
0 |
|a Management
|x Research.
|
| 655 |
|
4 |
|a Electronic books.
|
| 700 |
1 |
|
|a Perret, Veronique,
|e editor.
|
| 700 |
1 |
|
|a Taskin, Laurent,
|e editor.
|
| 776 |
0 |
8 |
|i Print version:
|t Temporalites de la recherche critique en management : enjeux et alternatives.
|d [Place of publication not identified] : PUL, Presses de l'Universite Laval, c2019
|h xi, 216 pages
|z 9782763746203
|
| 797 |
2 |
|
|a ProQuest (Firm)
|
| 856 |
4 |
0 |
|u https://ebookcentral.proquest.com/lib/matrademy/detail.action?docID=6037090
|z Click to View
|